[Event "Oberliga Ost-B 1011"]
[Site "Germany"]
[Date "2011.02.27"]
[Round "8.4"]
[White "Rubel, Julian"]
[Black "Henrich, Thomas"]
[Result "0-1"]
[WhiteElo "2181"]
[BlackElo "2212"]
[PlyCount "152"]
[EventDate "2010.10.24"]
[EventType "team-tourn"]
[EventRounds "11"]
[EventCountry "GER"]
[SourceTitle "EXT 2012"]
[Source "ChessBase"]
[SourceDate "2011.11.24"]
[SourceVersion "1"]
[SourceVersionDate "2011.11.24"]
[SourceQuality "1"]
[WhiteTeam "Steinbach"]
[BlackTeam "Giessen"]
[WhiteTeamCountry "GER"]
[BlackTeamCountry "GER"]

1. d4 Nf6 2. Bf4 d6 3. Nf3 g6 4. e3 Bg7 5. h3 0-0 6. c4 c5 7. Nc3 Nbd7 8. Be2 a6 9. 0-0 Qc7 10. Rc1 b6 11. d5 Ne8 12. a4 Ne5 13. Ne1 h6 14. Bg3 f5 15. f4 Nf7 16. Bd3 Nf6 17. Qc2 e5 18. dxe6 Bxe6 19. e4 Qd7 20. Rd1 Rae8 21. Nf3 Nh5 22. Bh2 Bxc3 23. Qxc3 fxe4 24. Bxe4 Bf5 25. Bxf5 gxf5 26. Kh1 Qe6 27. Rfe1 Qf6 28. Qxf6 Nxf6 29. Nh4 Ne4 30. Kg1 Nd8 31. g4 fxg4 32. hxg4 Nc6 33. Nf5 Rf6 34. Kg2 Kf8 35. Bg3 h5 36. Bh4 Rg6 37. g5 Na5 38. Ne3 Rge6 39. f5 Re5 40. Rd5 Nxc4 41. Rxe5 Nxe3+ 42. Rxe3 Rxe5 43. g6 Kg7 44. Bd8 d5 45. Rf3 Nf6 46. Bxb6 d4 47. b4 Rd5 48. Rd3 cxb4 49. Rxd4 Rxf5 50. Rxb4 Nd5 51. Bd4+ Kxg6 52. Rb8 Rf4 53. Bf2 Rxa4 54. Rg8+ Kf5 55. Rh8 Nf4+ 56. Kg3 Ra3+ 57. Kh2 Rh3+ 58. Kg1 Kg4 59. Rg8+ Kf3 60. Rf8 a5 61. Be1 a4 62. Bd2 Rh4 63. Rf7 Rg4+ 64. Kh1 a3 65. Bc1 a2 66. Bb2 Rg5 67. Ra7 Rd5 68. Ra3+ Rd3 69. Rxa2 Rd1+ 70. Kh2 Rd2+ 71. Kh1 Kg4 72. Kg1 h4 73. Kh1 Rc2 74. Kg1 Ne2+ 75. Kh1 Ng3+ 76. Kg1 Kh3 0-1

[Event "Oberliga Ost-B 1011"]
[Site "Germany"]
[Date "2010.11.13"]
[Round "2.5"]
[White "Sieber, Stephan"]
[Black "Rubel, Julian"]
[Result "1-0"]
[WhiteElo "2238"]
[BlackElo "2181"]
[PlyCount "81"]
[EventDate "2010.10.24"]
[EventType "team-tourn"]
[EventRounds "11"]
[EventCountry "GER"]
[SourceTitle "EXT 2012"]
[Source "ChessBase"]
[SourceDate "2011.11.24"]
[SourceVersion "1"]
[SourceVersionDate "2011.11.24"]
[SourceQuality "1"]
[WhiteTeam "Erfurt Empor"]
[BlackTeam "Steinbach"]
[WhiteTeamCountry "GER"]
[BlackTeamCountry "GER"]

1. e4 d6 2. d4 Nf6 3. Nc3 e5 4. d5 Be7 5. f3 c6 6. Be3 h5 7. Qd2 a6 8. a4 Qa5 9. Ra3 Nbd7 10. Nge2 cxd5 11. exd5 Bd8 12. Ng3 Nc5 13. Nce4 Ncxe4 14. Nxe4 Nxe4 15. fxe4 Qxd2+ 16. Bxd2 f5 17. exf5 Bxf5 18. Bd3 Rf8 19. Bxf5 Rxf5 20. Rb3 b6 21. Be3 Rb8 22. Ke2 Kd7 23. Ra1 Rf8 24. a5 b5 25. c4 Bc7 26. cxb5 Rxb5 27. Rxb5 axb5 28. a6 Ra8 29. a7 Kc8 30. Rf1 Bd8 31. Rf8 Kb7 32. Rf7+ Bc7 33. Rxg7 Rc8 34. Rh7 b4 35. h3 Rg8 36. g4 hxg4 37. hxg4 Rc8 38. g5 Ka8 39. g6 Bd8 40. Rf7 Rc2+ 41. Kd3 1-0

[Event "Goch op 21st"]
[Site "Goch"]
[Date "2010.10.02"]
[Round "5"]
[White "Rubel, Julian"]
[Black "Boons, Patrick"]
[Result "1/2-1/2"]
[WhiteElo "2181"]
[BlackElo "1956"]
[PlyCount "119"]
[EventDate "2010.09.30"]
[EventType "swiss"]
[EventRounds "7"]
[EventCountry "GER"]
[SourceTitle "EXT 2012"]
[Source "ChessBase"]
[SourceDate "2011.11.24"]
[SourceVersion "1"]
[SourceVersionDate "2011.11.24"]
[SourceQuality "1"]

1. c4 g6 2. g3 Bg7 3. Bg2 Nf6 4. Nc3 d6 5. Rb1 0-0 6. d3 Nc6 7. e3 e5 8. Nge2 Ng4 9. h3 Nh6 10. 0-0 f5 11. Nd5 Ne7 12. Nxe7+ Qxe7 13. b4 Nf7 14. f4 Kh8 15. b5 g5 16. Nc3 gxf4 17. Nd5 Qd8 18. gxf4 exf4 19. exf4 a6 20. a4 axb5 21. axb5 c6 22. bxc6 bxc6 23. Nb4 Qb6+ 24. Kh2 Bd7 25. Bd2 Qc7 26. Qc1 h6 27. Bc3 Nd8 28. Bxg7+ Kxg7 29. d4 Kh7 30. Qe1 Be8 31. Qh4 Ra7 32. Rbe1 Rg8 33. Re2 Qg7 34. Rfe1 Bf7 35. Nxc6 Nxc6 36. Bxc6 Bxc4 37. Re7 Rxe7 38. Rxe7 Bf7 39. Qf2 Qf6 40. Ra7 Rg7 41. Bf3 Be8 42. Ra5 Qg6 43. Bh1 Bd7 44. Ra2 Bb5 45. Qe3 Bf1 46. Ra1 Bc4 47. Rc1 Bb5 48. Bd5 Ba6 49. Re1 Bb5 50. Qf2 Bd7 51. Rg1 Qxg1+ 52. Qxg1 Rxg1 53. Kxg1 Kg6 54. Kf2 Kf6 55. Kf3 Be6 56. Bc6 Bc4 57. d5 Ke7 58. Ke3 Bf1 59. h4 Bg2 60. Kd4 1/2-1/2

[Event "Goch op 21st"]
[Site "Goch"]
[Date "2010.10.01"]
[Round "3"]
[White "Rubel, Julian"]
[Black "Haverkamp, Klaus"]
[Result "1-0"]
[WhiteElo "2181"]
[BlackElo "1973"]
[PlyCount "121"]
[EventDate "2010.09.30"]
[EventType "swiss"]
[EventRounds "7"]
[EventCountry "GER"]
[SourceTitle "EXT 2012"]
[Source "ChessBase"]
[SourceDate "2011.11.24"]
[SourceVersion "1"]
[SourceVersionDate "2011.11.24"]
[SourceQuality "1"]

1. c4 Nf6 2. g3 g6 3. Bg2 Bg7 4. Nc3 0-0 5. d3 c6 6. e4 d6 7. Nge2 Bg4 8. f3 Bd7 9. 0-0 Na6 10. Rb1 e5 11. Be3 h5 12. h3 b6 13. d4 Nh7 14. f4 Be6 15. d5 cxd5 16. Nxd5 Qd7 17. f5 Bxd5 18. Qxd5 Nf6 19. Qd2 Rac8 20. b3 b5 21. cxb5 Qxb5 22. Nc3 Qb4 23. Rfc1 Rfd8 24. fxg6 fxg6 25. a3 Qb7 26. b4 Rd7 27. Nd5 Rxc1+ 28. Rxc1 Qb8 29. Nxf6+ Bxf6 30. Qd5+ Kg7 31. Qc6 Qb7 32. Qxb7 Rxb7 33. Rc6 Nc7 34. Rxd6 Nb5 35. Ra6 Rd7 36. a4 Nd4 37. Bf1 Be7 38. b5 Rb7 39. Kg2 Bc5 40. Rc6 Bb6 41. Rc8 Kf6 42. Bc4 Rc7 43. Rxc7 Bxc7 44. Bd2 Bd8 45. Bb4 Bc7 46. a5 Ne6 47. h4 Bd8 48. b6 axb6 49. a6 Nc7 50. Bd6 Nxa6 51. Bxa6 g5 52. hxg5+ Kxg5 53. Bxe5 h4 54. Bf4+ Kg6 55. g4 Be7 56. Bc7 Bc5 57. Bd8 Kf7 58. Bc4+ Ke8 59. Bxh4 Kd7 60. Bf2 Bxf2 61. Kxf2 1-0

[Event "Goch op 20th"]
[Site "Goch"]
[Date "2009.10.03"]
[Round "4"]
[White "Rubel, Julian"]
[Black "Goldenstein, Arnd"]
[Result "1/2-1/2"]
[WhiteElo "2165"]
[BlackElo "2067"]
[PlyCount "41"]
[EventDate "2009.10.01"]
[EventType "swiss"]
[EventRounds "7"]
[EventCountry "GER"]
[SourceTitle "EXT 2011"]
[Source "ChessBase"]
[SourceDate "2010.11.26"]
[SourceVersion "1"]
[SourceVersionDate "2010.11.26"]
[SourceQuality "1"]

1. c4 c5 2. g3 Nc6 3. Bg2 g6 4. Nc3 Bg7 5. a3 d6 6. Rb1 e5 7. b4 Nge7 8. d3 0-0 9. Bg5 f6 10. Bd2 Rb8 11. e4 f5 12. Nge2 f4 13. f3 Be6 14. Nd5 g5 15. b5 Nd4 16. Nxd4 Bxd5 17. cxd5 exd4 18. gxf4 gxf4 19. Bh3 Ng6 20. Ke2 Ne5 21. Be6+ 1/2-1/2

[Event "Goch op 20th"]
[Site "Goch"]
[Date "2009.10.02"]
[Round "3"]
[White "Podzielny, Karl Heinz"]
[Black "Rubel, Julian"]
[Result "1-0"]
[WhiteElo "2451"]
[BlackElo "2165"]
[PlyCount "81"]
[EventDate "2009.10.01"]
[EventType "swiss"]
[EventRounds "7"]
[EventCountry "GER"]
[SourceTitle "EXT 2011"]
[Source "ChessBase"]
[SourceDate "2010.11.26"]
[SourceVersion "1"]
[SourceVersionDate "2010.11.26"]
[SourceQuality "1"]

1. d4 Nf6 2. Nf3 e6 3. g3 b5 4. Bg2 Bb7 5. 0-0 c5 6. c3 Na6 7. Qd3 Qb6 8. a4 c4 9. Qd1 b4 10. Nbd2 Rc8 11. Re1 Ne4 12. Nxe4 Bxe4 13. Bh3 Bxf3 14. exf3 Be7 15. f4 Nc7 16. Bg2 0-0 17. f5 bxc3 18. bxc3 Qa5 19. Qc2 Nd5 20. Bd2 Bd6 21. Bf1 Ne7 22. fxe6 fxe6 23. Rab1 Qc7 24. Rb5 a6 25. Rb2 Rf5 26. Reb1 Rcf8 27. Be1 Nd5 28. Bg2 Qc8 29. Qe2 h6 30. Rb7 Qc6 31. Qc2 Bc7 32. Be4 R5f7 33. Qd1 Ba5 34. Qh5 Bc7 35. Qg6 Rf6 36. Qh7+ Kf7 37. h4 Qd6 38. h5 Rg8 39. Bg6+ Kf8 40. Ra7 Ne7 41. Ra8+ 1-0

[Event "Goch op 20th"]
[Site "Goch"]
[Date "2009.10.01"]
[Round "1"]
[White "Menzel, Thomas"]
[Black "Rubel, Julian"]
[Result "0-1"]
[WhiteElo "1804"]
[BlackElo "2165"]
[PlyCount "32"]
[EventDate "2009.10.01"]
[EventType "swiss"]
[EventRounds "7"]
[EventCountry "GER"]
[SourceTitle "EXT 2011"]
[Source "ChessBase"]
[SourceDate "2010.11.26"]
[SourceVersion "1"]
[SourceVersionDate "2010.11.26"]
[SourceQuality "1"]

1. e4 c5 2. c3 g6 3. Nf3 Bg7 4. d4 cxd4 5. Bc4 Qc7 6. Qb3 e6 7. 0-0 Nc6 8. Bd3 dxc3 9. Nxc3 Nf6 10. Be3 b6 11. Rfe1 0-0 12. Rac1 Qb8 13. h3 Bb7 14. e5 Nxe5 15. Nxe5 Qxe5 16. g3 Qh5 0-1

[Event "Rhein Main op 12th"]
[Site "Bad Homburg"]
[Date "2009.06.14"]
[Round "7"]
[White "Diez, Gerhard"]
[Black "Rubel, Julian"]
[Result "1-0"]
[WhiteElo "2093"]
[BlackElo "2177"]
[PlyCount "65"]
[EventDate "2009.06.10"]
[EventType "swiss"]
[EventRounds "7"]
[EventCountry "GER"]
[SourceTitle "CBM 131 Extra"]
[Source "ChessBase"]
[SourceDate "2009.09.03"]
[SourceVersion "2"]
[SourceVersionDate "2009.09.16"]
[SourceQuality "1"]

1. e4 e6 2. d4 d5 3. Nc3 Bb4 4. e5 c5 5. Qg4 Ne7 6. dxc5 Nbc6 7. Bd2 0-0 8. Nf3 f5 9. Qg3 Kh8 10. Bd3 Bd7 11. 0-0 Bxc5 12. Ne2 Qc7 13. Rfe1 Ng6 14. Nf4 Nxf4 15. Bxf4 Nd4 16. Nh4 Bb5 17. c3 Bxd3 18. cxd4 Be7 19. Re3 Bb5 20. Ng6+ hxg6 21. Qxg6 Bb4 22. Rh3+ Kg8 23. Qh7+ Kf7 24. Rg3 Rg8 25. Bh6 Kf8 26. Rc1 Qf7 27. Rxg7 Rxg7 28. Qh8+ Qg8 29. Bxg7+ Kf7 30. Rc7+ Be7 31. Qh4 Qd8 32. Qf6+ Kg8 33. Qxe6+ 1-0

[Event "Hessen-ch Gr-A"]
[Site "Idstein"]
[Date "2009.04.11"]
[Round "6"]
[White "Sroka, Dirk"]
[Black "Rubel, Julian"]
[Result "1/2-1/2"]
[WhiteElo "2110"]
[BlackElo "2167"]
[PlyCount "42"]
[EventDate "2009.04.08"]
[EventType "tourn"]
[EventRounds "7"]
[EventCountry "GER"]
[SourceTitle "CBM 129 Extra"]
[Source "ChessBase"]
[SourceDate "2009.05.05"]
[SourceVersion "2"]
[SourceVersionDate "2009.05.20"]
[SourceQuality "1"]

1. c4 c5 2. Nc3 Nc6 3. g3 g6 4. Bg2 Bg7 5. e4 a6 6. d3 b5 7. Nf3 Rb8 8. 0-0 d6 9. h3 Nf6 10. cxb5 axb5 11. d4 Nd7 12. Ne2 0-0 13. Be3 Ba6 14. Re1 b4 15. Rc1 c4 16. Nh2 e5 17. f4 Qc7 18. Qd2 Rfc8 19. fxe5 dxe5 20. d5 Nd8 21. Ng4 h5 1/2-1/2

[Event "Hessen-ch Gr-A"]
[Site "Idstein"]
[Date "2009.04.09"]
[Round "3"]
[White "Felczer, Kevin"]
[Black "Rubel, Julian"]
[Result "1/2-1/2"]
[WhiteElo "2234"]
[BlackElo "2167"]
[PlyCount "49"]
[EventDate "2009.04.08"]
[EventType "tourn"]
[EventRounds "7"]
[EventCountry "GER"]
[SourceTitle "CBM 129 Extra"]
[Source "ChessBase"]
[SourceDate "2009.05.05"]
[SourceVersion "2"]
[SourceVersionDate "2009.05.20"]
[SourceQuality "1"]

1. e4 c5 2. c3 d5 3. exd5 Qxd5 4. d4 Nc6 5. Nf3 Bg4 6. Be2 cxd4 7. cxd4 e6 8. Nc3 Qa5 9. h3 Bh5 10. 0-0 Nf6 11. Be3 Bd6 12. Qb3 Qb4 13. Rfd1 Qxb3 14. axb3 Nd5 15. Nxd5 exd5 16. g4 Bg6 17. Ne5 Nb4 18. Nxg6 hxg6 19. Kg2 0-0 20. Bf3 Rfd8 21. Ra5 a6 22. Bg5 Rd7 23. Bd2 Rad8 24. Bc3 Be7 25. Bxb4 1/2-1/2

[Event "Travemuende op 25th"]
[Site "Travemuende"]
[Date "2008.12.29"]
[Round "5"]
[White "Svane, Rasmus"]
[Black "Rubel, Julian"]
[Result "1/2-1/2"]
[WhiteElo "1967"]
[BlackElo "2179"]
[PlyCount "56"]
[EventDate "2008.12.27"]
[EventType "swiss"]
[EventRounds "7"]
[EventCountry "GER"]
[SourceTitle "EXT 2022"]
[Source "ChessBase"]
[SourceDate "2021.10.06"]
[SourceVersion "1"]
[SourceVersionDate "2021.10.06"]
[SourceQuality "1"]

1. e4 c5 2. Nf3 Nc6 3. Nc3 g6 4. Bb5 Bg7 5. Bxc6 bxc6 6. d3 d6 7. h3 Rb8 8. 0-0 e5 9. Rb1 Ne7 10. Nh2 f5 11. f4 0-0 12. Qe2 Qc7 13. Bd2 Be6 14. a3 a5 15. fxe5 Bxe5 16. Nf3 Bg7 17. Ng5 Bf7 18. Nxf7 Rxf7 19. b3 Bd4+ 20. Kh1 Rbf8 21. Rbe1 Be5 22. a4 fxe4 23. dxe4 Kg7 24. Nd1 Ng8 25. Ne3 Nf6 26. Qd3 Nh5 27. Rxf7+ Qxf7 28. Ng4 Bf4 1/2-1/2

[Event "Oberliga Ost-B 0809"]
[Site "Germany"]
[Date "2008.10.26"]
[Round "1.4"]
[White "Kayser, Felix"]
[Black "Rubel, Julian"]
[Result "1/2-1/2"]
[WhiteElo "2181"]
[BlackElo "2179"]
[PlyCount "75"]
[EventDate "2008.10.26"]
[EventType "team-tourn"]
[EventRounds "11"]
[EventCountry "GER"]
[SourceTitle "EXT 2010"]
[Source "ChessBase"]
[SourceDate "2010.11.25"]
[SourceVersion "1"]
[SourceVersionDate "2010.11.25"]
[SourceQuality "1"]
[WhiteTeam "Wiesbaden"]
[BlackTeam "Steinbach"]
[WhiteTeamCountry "GER"]
[BlackTeamCountry "GER"]

1. e4 c5 2. Nc3 a6 3. g3 b5 4. Bg2 Bb7 5. d3 e6 6. Nge2 d6 7. a4 b4 8. Nb1 Nf6 9. Nd2 Nc6 10. f4 Qc7 11. c3 a5 12. Nc4 d5 13. exd5 exd5 14. Ne3 Rd8 15. 0-0 Be7 16. Nf5 0-0 17. Kh1 d4 18. cxd4 Nxd4 19. Nexd4 Bxg2+ 20. Kxg2 cxd4 21. Nxe7+ Qxe7 22. Re1 Qd7 23. Bd2 Rfe8 24. Qf3 Rxe1 25. Bxe1 Rc8 26. Kg1 h6 27. Bf2 Ng4 28. f5 Nxf2 29. Qxf2 Re8 30. f6 g6 31. Rc1 Qg4 32. Qd2 Qe6 33. Qf4 Qe3+ 34. Qxe3 Rxe3 35. Rc8+ Kh7 36. Rf8 Rxd3 37. Rxf7+ Kg8 38. Rg7+ 1/2-1/2

[Event "Oberliga Ost-B 0708"]
[Site "Germany"]
[Date "2008.04.19"]
[Round "10.7"]
[White "Eckhardt, Thorsten"]
[Black "Rubel, Julian"]
[Result "1-0"]
[WhiteElo "2180"]
[BlackElo "2131"]
[PlyCount "87"]
[EventDate "2007.10.07"]
[EventType "team-tourn"]
[EventRounds "11"]
[EventCountry "GER"]
[SourceTitle "EXT 2009"]
[Source "ChessBase"]
[SourceDate "2008.11.26"]
[SourceVersion "1"]
[SourceVersionDate "2008.11.26"]
[SourceQuality "1"]
[WhiteTeam "Hungen Lich"]
[BlackTeam "Steinbach"]
[WhiteTeamCountry "GER"]
[BlackTeamCountry "GER"]

1. e4 e6 2. d4 d5 3. e5 c5 4. c3 Nc6 5. Nf3 Bd7 6. a3 f6 7. Bd3 Qc7 8. exf6 gxf6 9. 0-0 Bd6 10. Re1 0-0-0 11. dxc5 Bxc5 12. b4 Bd6 13. Be3 Kb8 14. h3 e5 15. Bf1 Nge7 16. a4 Rhg8 17. Kh1 f5 18. Na3 Qc8 19. Nb5 Bc7 20. Nxc7 Qxc7 21. b5 Na5 22. Nxe5 Ka8 23. Qd4 b6 24. Rab1 Bc8 25. Bf4 Qc5 26. Qxc5 bxc5 27. Nf7 Rd7 28. Ne5 Rb7 29. g3 Ng6 30. Nxg6 hxg6 31. Bg2 Rd7 32. Rbd1 Bb7 33. h4 Nc4 34. Re6 Nb2 35. Rd2 Nxa4 36. Be5 c4 37. Bd4 Rc7 38. Rde2 Nc5 39. Re8+ Rxe8 40. Rxe8+ Bc8 41. Bxd5+ Nb7 42. Be5 Rc5 43. Bc6 Rxe5 44. Rxc8# 1-0

[Event "Hessen-ch Gr-B 62nd"]
[Site "Hanau"]
[Date "2008.03.23"]
[Round "7"]
[White "Rutkowski, Ingo"]
[Black "Rubel, Julian"]
[Result "1/2-1/2"]
[WhiteElo "2177"]
[BlackElo "2136"]
[PlyCount "23"]
[EventDate "2008.03.19"]
[EventType "swiss"]
[EventRounds "7"]
[EventCountry "GER"]
[SourceTitle "CBM 123 Extra"]
[Source "ChessBase"]
[SourceDate "2008.05.06"]
[SourceVersion "1"]
[SourceVersionDate "2008.05.06"]
[SourceQuality "1"]

1. e4 e6 2. Nf3 d5 3. Nc3 Nf6 4. e5 Nfd7 5. d4 c5 6. dxc5 Nc6 7. Bf4 Bxc5 8. Bd3 f6 9. exf6 Nxf6 10. 0-0 0-0 11. Ne5 Bd7 12. Qe2 1/2-1/2

[Event "Oberliga Ost-B 0708"]
[Site "Germany"]
[Date "2008.03.09"]
[Round "8.7"]
[White "Rubel, Julian"]
[Black "Hoehn, Michael"]
[Result "0-1"]
[WhiteElo "2131"]
[BlackElo "2134"]
[PlyCount "140"]
[EventDate "2007.10.07"]
[EventType "team-tourn"]
[EventRounds "11"]
[EventCountry "GER"]
[SourceTitle "EXT 2009"]
[Source "ChessBase"]
[SourceDate "2008.11.26"]
[SourceVersion "1"]
[SourceVersionDate "2008.11.26"]
[SourceQuality "1"]
[WhiteTeam "Steinbach"]
[BlackTeam "Offenbach"]
[WhiteTeamCountry "GER"]
[BlackTeamCountry "GER"]

1. d4 d6 2. c4 e5 3. d5 f5 4. e4 Nf6 5. Bg5 Be7 6. Bxf6 Bxf6 7. Bd3 0-0 8. Nc3 c6 9. dxc6 bxc6 10. Nf3 f4 11. Qa4 Be6 12. Rd1 Qc7 13. c5 dxc5 14. Bc4 Qf7 15. Nd2 Rd8 16. 0-0 Rd4 17. Bxe6 Qxe6 18. Qb3 Qxb3 19. Nxb3 Rb4 20. Rd2 Be7 21. Rfd1 Kf7 22. Na5 Ke6 23. b3 Rd4 24. f3 Bd8 25. Nc4 Bc7 26. Ne2 Rxd2 27. Rxd2 Na6 28. Nc3 g5 29. g4 Rh8 30. Na4 Rd8 31. Rxd8 Bxd8 32. a3 Bc7 33. Kf1 Ke7 34. Ke2 Ke6 35. Kd3 Ke7 36. Ncb2 Kd6 37. Kc4 Bd8 38. Nd3 Bb6 39. h3 h6 40. Nab2 Nc7 41. a4 Ne6 42. b4 cxb4 43. Kxb4 c5+ 44. Ka3 Nd4 45. Nc4+ Ke6 46. a5 Bc7 47. Ne1 Kd7 48. Ka4 Kc6 49. Na3 a6 50. Nc4 Bb8 51. Nb6 Bd6 52. Nc4 Bc7 53. Nd2 c4 54. Kb4 c3 55. Nb3 Nb5 56. Nc2 Bd6+ 57. Kc4 Be7 58. Nc1 Bc5 59. Nb3 Bd4 60. Kb4 Kd6 61. Kc4 Ke6 62. Ne1 Na3+ 63. Kd3 Kd6 64. Nc1 Kc5 65. Na2 Kb5 66. Nxc3+ Bxc3 67. Kxc3 Kxa5 68. Nd3 Nb5+ 69. Kb2 Nd4 70. Nxe5 Kb4 0-1

[Event "Oberliga Ost-B 0708"]
[Site "Germany"]
[Date "2008.01.19"]
[Round "6.5"]
[White "Oparaugo, Thomas"]
[Black "Rubel, Julian"]
[Result "0-1"]
[WhiteElo "2121"]
[BlackElo "2131"]
[PlyCount "80"]
[EventDate "2007.10.07"]
[EventType "team-tourn"]
[EventRounds "11"]
[EventCountry "GER"]
[SourceTitle "EXT 2009"]
[Source "ChessBase"]
[SourceDate "2008.11.26"]
[SourceVersion "1"]
[SourceVersionDate "2008.11.26"]
[SourceQuality "1"]
[WhiteTeam "Oberursel"]
[BlackTeam "Steinbach"]
[WhiteTeamCountry "GER"]
[BlackTeamCountry "GER"]

1. e4 c5 2. Nf3 e6 3. d4 cxd4 4. Nxd4 a6 5. c4 Nf6 6. Nc3 Qc7 7. Be2 b6 8. 0-0 Bb7 9. Qd3 d6 10. f4 Nbd7 11. Bf3 Rc8 12. b3 b5 13. Ndxb5 axb5 14. Nxb5 Qb8 15. Rd1 Nc5 16. Nxd6+ Bxd6 17. Qxd6 Qxd6 18. Rxd6 Bxe4 19. Bxe4 Ncxe4 20. Rd4 0-0 21. Bb2 Rfd8 22. Rad1 Rxd4 23. Rxd4 Nc5 24. Ba3 Nfe4 25. Bxc5 Nxc5 26. Kf1 Kf8 27. Ke2 Ra8 28. Rd2 Ne4 29. Rc2 Rxa2 30. Rxa2 Nc3+ 31. Kd3 Nxa2 32. Kd4 Ke7 33. Kc5 Nc3 34. Kb6 Kd7 35. b4 f6 36. g3 Kd6 37. c5+ Kd5 38. c6 Kc4 39. Kc7 Nd5+ 40. Kd7 e5 0-1

[Event "Friedrichroda op 11th"]
[Site "Friedrichroda"]
[Date "2007.08.08"]
[Round "1"]
[White "Rubel, Julian"]
[Black "Joerges, Frank"]
[Result "1-0"]
[WhiteElo "2125"]
[BlackElo "2054"]
[PlyCount "51"]
[EventDate "2007.08.08"]
[EventType "swiss"]
[EventRounds "7"]
[EventCountry "GER"]
[SourceTitle "CBM 120 Extra"]
[Source "ChessBase"]
[SourceDate "2007.11.01"]
[SourceVersion "1"]
[SourceVersionDate "2007.11.01"]
[SourceQuality "1"]

1. d4 d5 2. c4 e6 3. Nc3 Nf6 4. cxd5 exd5 5. Bg5 Nbd7 6. e3 c6 7. Bd3 Be7 8. Qc2 0-0 9. Nge2 Re8 10. h3 Nf8 11. 0-0-0 Ng6 12. Nf4 Nxf4 13. Bxf4 Bd6 14. Bxd6 Qxd6 15. g4 h6 16. Rdg1 g5 17. h4 Bxg4 18. hxg5 hxg5 19. Bf5 Bxf5 20. Qxf5 Qe6 21. Rxg5+ Kf8 22. Qf4 Nd7 23. Rf5 Ke7 24. Rh6 f6 25. Rh7+ Kd8 26. Rxf6 1-0

[Event "Rhein Main op 10th"]
[Site "Bad Homburg"]
[Date "2007.06.10"]
[Round "7"]
[White "Chernov, Vadim A"]
[Black "Rubel, Julian"]
[Result "1-0"]
[WhiteElo "2485"]
[BlackElo "2125"]
[PlyCount "57"]
[EventDate "2007.06.06"]
[EventType "swiss"]
[EventRounds "7"]
[EventCountry "GER"]
[SourceTitle "EXT 2008"]
[Source "ChessBase"]
[SourceDate "2007.11.25"]
[SourceVersion "1"]
[SourceVersionDate "2007.11.25"]
[SourceQuality "1"]

1. e4 c5 2. f4 g6 3. d4 d5 4. dxc5 dxe4 5. Qxd8+ Kxd8 6. Nc3 Nf6 7. Be3 Be6 8. 0-0-0+ Kc8 9. Nge2 Nc6 10. h3 h5 11. Ng3 Bg7 12. Ngxe4 Nxe4 13. Nxe4 Nb4 14. a3 Nd5 15. Bd2 Bd4 16. Bc4 Nc7 17. Bd3 Bf5 18. Rhe1 f6 19. c3 Bxe4 20. Bxe4 Bxc5 21. Bxg6 Bd6 22. Bf5+ Kb8 23. c4 a5 24. Be3 Na6 25. Rd5 Nc7 26. Rd2 Na6 27. Red1 Nc5 28. Rxd6 exd6 29. Rxd6 1-0